00393nam a22001337a 4500008004100000020001500041100002000056245008100076250001100157260003400168300001800202650002000220700001900240160208b xxu||||| |||| 00| 0 eng d a0763748982 aButts Janie B.  aNursing Ethics bAcross the Co-Curriculum abd into PracticecJanie B. Butts  a2nd ed aUSAbJones and Bartlettc2008 axviii, 562 p. 2Nursing Ethics  aKaren L. Rich